000 00544nam a2200205Ia 4500
005 20250326144105.0
008 250326s9999 xx 000 0 und d
020 _a1-56327-332-2
037 _aTextbook
040 _aFMSL
_beng
_cFMSL
041 _aeng
_2eng
084 _aX P06
_qFMSL
245 0 _aImproving flow : Collected practices and cases
260 _aNY
_bNY, Productivity
_c2006
300 _aviii,143
365 _b608.70000000000005
650 _aDevelopment
942 _cTB
_hX P06
999 _c1302311
_d1302311